Skip to main content
Your cart is empty.
Your lists
Log in to create your own lists
Your cookies
العربية
English
العربية
Home
Search
Advanced search
Authority search
About
The noble scholar, jurist, historian
His Excellency Dr. Abdul Wahhab bin Ibrahim Abu Sulaiman, may Allah have mercy on him.
He was born in Umm Al-Qura in the year 1356 AH.
Library catalog
Title
Author
Subject
ISBN
ISSN
Series
Call number
Log in to your account
×
Login:
Password:
Home
MARC view: مناسك الحج والعمرة في الكتاب والسنة وآثار السلف وسرد ما ألحق الناس بها من البدع /
Normal view
MARC view
ISBD view
مناسك الحج والعمرة في الكتاب والسنة وآثار السلف وسرد ما ألحق الناس بها من البدع / (Record no. 13288)
[
view plain
]
MARC details
000 -LEADER
fixed length control field
02536cam a2200373 i 4500
003 - CONTROL NUMBER IDENTIFIER
control field
SA-RiAUC
005 - DATE AND TIME OF LATEST TRANSACTION
control field
20251116134238.0
008 - FIXED-LENGTH DATA ELEMENTS--GENERAL INFORMATION
fixed length control field
251113s1999 su g 000 0 ara c
020 ## - INTERNATIONAL STANDARD BOOK NUMBER
International Standard Book Number
9960830357
024 0# - OTHER STANDARD IDENTIFIER
Standard number or code
00000000970196
040 ## - CATALOGING SOURCE
Original cataloging agency
SA-JeALM
Language of cataloging
ara
Transcribing agency
SA-RiAUC.
Modifying agency
AE-DuMBRL
Description conventions
rda
050 14 - LIBRARY OF CONGRESS CALL NUMBER
Item number
.A43 1999
082 04 - DEWEY DECIMAL CLASSIFICATION NUMBER
Classification number
252.5
Assigning agency
SA-RiAUC
090 ## - LOCALLY ASSIGNED LC-TYPE CALL NUMBER (OCLC); LOCAL CALL NUMBER (RLIN)
Classification number (OCLC) (R) ; Classification number, CALL (RLIN) (NR)
252.5
Local cutter number (OCLC) ; Book number/undivided call number, CALL (RLIN)
ا ل ب
100 1# - MAIN ENTRY--PERSONAL NAME
Personal name
الألباني، محمد ناصر الدين،
Dates associated with a name
1914-1999
Relator term
مؤلف.
245 10 - TITLE STATEMENT
Title
مناسك الحج والعمرة في الكتاب والسنة وآثار السلف وسرد ما ألحق الناس بها من البدع /
Statement of responsibility, etc.
بقلم محمد ناصر الدين الألباني.
250 ## - EDITION STATEMENT
Edition statement
الطبعة الرابعة.
264 #1 - PRODUCTION, PUBLICATION, DISTRIBUTION, MANUFACTURE, AND COPYRIGHT NOTICE
Place of production, publication, distribution, manufacture
الرياض :
Name of producer, publisher, distributor, manufacturer
مكتبة المعارف للنشر والتوزيع،
Date of production, publication, distribution, manufacture, or copyright notice
1989
300 ## - PHYSICAL DESCRIPTION
Extent
64 صفحة ؛
Dimensions
20 × 14 سم
336 ## - CONTENT TYPE
Content type term
نص
Content type code
txt
Source
rdacontent
Materials specified
كتاب
337 ## - MEDIA TYPE
Media type term
بدون وسيط
Media type code
n
Source
rdamedia
338 ## - CARRIER TYPE
Carrier type term
مجلد
Carrier type code
nc
Source
rdacarrier
520 ## - SUMMARY, ETC.
Summary, etc.
يتناول كتاب (مناسك الحج والعمرة في الكتاب والسنة وآثار السلف) والذي قام بتأليفه محمد ناصر الدين الألباني، موضوع (الحج والعمرة) الكتاب عن أحكام الحج والعمرة، راعى فيه مصنفه تبسيط أسلوب عرض المناسك. مع تقديم نصائح وفوائد للحاج، منها أن يتقي ربه، ويحرص طاقته أن لا يقع فيما حرم الله عليه، كذلك التحذير مما ابتلي به بعضهم لجهلهم أو ضلالهم. كالإستعانة بغير الله، والأموات من الأنبياء والصالحين، ودعائهم من دون الله، والحلف بهم تعظيما لهم، فيبطلون بذلك حجهم، وتزين بعضهم بحلق اللحية فإنه فسق، وتختم الرجال بالذهب فإنه حرام.
650 #7 - SUBJECT ADDED ENTRY--TOPICAL TERM
Topical term or geographic name entry element
الحج (فقه إسلامي)
General subdivision
مناسك
Source of heading or term
aucsh
650 #7 - SUBJECT ADDED ENTRY--TOPICAL TERM
Topical term or geographic name entry element
العمرة (فقه إسلامي)
General subdivision
مناسك
Source of heading or term
aucsh
650 #7 - SUBJECT ADDED ENTRY--TOPICAL TERM
Topical term or geographic name entry element
الحج في القرآن
Source of heading or term
aucsh
650 #7 - SUBJECT ADDED ENTRY--TOPICAL TERM
Topical term or geographic name entry element
الحج في الحديث
Source of heading or term
aucsh
650 #7 - SUBJECT ADDED ENTRY--TOPICAL TERM
Topical term or geographic name entry element
العمرة في القرآن
Source of heading or term
aucsh
650 #7 - SUBJECT ADDED ENTRY--TOPICAL TERM
Topical term or geographic name entry element
العمرة في الحديث
Source of heading or term
aucsh
730 22 - ADDED ENTRY--UNIFORM TITLE
Uniform title
القرآن
942 ## - ADDED ENTRY ELEMENTS (KOHA)
Source of classification or shelving scheme
Dewey Decimal Classification
Koha item type
Books
Suppress in OPAC
No
949 ## - LOCAL PROCESSING INFORMATION (OCLC)
a
SA-JeALM
d
251113
u
mohamedma123
n
1
Holdings
Withdrawn status
Lost status
Source of classification or shelving scheme
Damaged status
Not for loan
Home library
Current library
Date acquired
Total checkouts
Full call number
Barcode
Date last seen
Price effective from
Koha item type
Dewey Decimal Classification
DR AbdElwahab Library
DR AbdElwahab Library
11/16/2025
252.5 ا ل ب
000021187
11/16/2025
11/16/2025
Books
Dewey Decimal Classification
DR AbdElwahab Library
DR AbdElwahab Library
11/16/2025
252.5 ا ل ب
000021188
11/16/2025
11/16/2025
Books
Dewey Decimal Classification
DR AbdElwahab Library
DR AbdElwahab Library
04/15/2026
252.5 ا ل ب
000023365
04/15/2026
04/15/2026
Books
Place hold
Print
Add to your cart
(remove)
Save record
BIBTEX
Dublin Core
MARCXML
MARC (non-Unicode/MARC-8)
MARC (Unicode/UTF-8)
MARC (Unicode/UTF-8, Standard)
MODS (XML)
RIS
ISBD
More searches
Search for this title in:
Other Libraries (WorldCat)
Other Databases (Google Scholar)
Online Stores (Bookfinder.com)
Open Library (openlibrary.org)
Exporting to Dublin Core...
×
Simple DC-RDF
OAI-DC
SRW-DC